Spelling Practice(Extreme Level) - Statistics

General Stats
  • This quiz has been taken 21 times
  • The average score is 3 of 12
Answers on the Grid
Answers color-coded by a green-red scale on the quiz's grid according to % correct below.
Zugzwang
Ytterbium
Wahaca
Wagadougou
Uraeus
Tmesis
Tarosaur
Tachycardia
Syruptitious
Soriasis
Shyntillante
Purumahumsa
Oeuvre
N’Djamena
Jadite
Diptych
Cauthillo
Cacaxte
Baralambda
Ardhamagadhi
Aposiopesis
Apabhramsa
Antinanarivo
Annilation
 
Answer Stats
Answer % Correct
Diptych
44%
Oeuvre
38%
Tachycardia
38%
Ytterbium
38%
Aposiopesis
31%
Ardhamagadhi
25%
N’Djamena
25%
Zugzwang
25%
Apabhramsa
13%
Cacaxte
13%
Uraeus
13%
Tmesis
6%
No matching quizzes found
Score Distribution
Percent of People with Each Score
Percentile by Number Answered
Your Score History
You have not taken this quiz